Pied-main-bouche - Statistiques

Statistiques générales
  • Ce quiz a été pris 12 fois
  • Le résultat moyen est 3 sur 6
Statistiques - réponses
Hint Réponse % Correct
Virus coxsackie A16-A6 et autres entérovirus
100%
Guérison 1 semaine, résolution spontanée
60%
Incubation 3-6 jours
40%
Contagieux 7 jours suivant début du rash
40%
Tx Symptomatique
40%
Complications Onychomadèse, méningo-encéphalite
20%
Aucun quiz correspondant
Distribution des résultats
% des personnes avec chaque résultat
Percentile par nombre de réponses
Votre historique - résultats
Vous n’avez pas pris ce quiz